Statistics for Marauders Era Quiz

Click here to take the quiz!

General Stats

  • This quiz has been taken 471 times
  • The average score is 14 of 20

Answer Stats

HintAnswer% Correct
What is Remus Lupin's middle name?John
93%
Which Hogwarts House was Andromeda Black in?Slytherin
90%
Which Marauder Died last?Remus Lupin
88%
What Year did Regulus Black start Hogwarts?1972
87%
Who Were the head boy and girl of hogwarts in 1977-78?James & Lily
87%
What is the name of the most Popular marauders fanfiction on AO3?All The Young Dudes
85%
How old were the marauders when they figured out Remus' "Fury Little Problem"?12
80%
What is the ship name of Sirius Black and Remus Lupin?Wolfstar
80%
What is the name of Sirius & Regulus' Mother?Walburga Black
79%
What singer do fans believe remus lupin would have listened to?David Bowie
78%
What is the nickname given to Minerva Mcgonngal?Minnie
77%
Which Character is believed to have obliviated themselves after the 1st Wizarding War?Mary MacDonald
73%
What subject was Lily Evans especially gifted in?Potions
73%
What position did James play in Quidditch?Chaser
72%
which Marauders era character was a Hat Stall?Peter Pettigrew
61%
When did Marlene Mckinnon Die?July 1981
60%
When did "the Prank" happen?Summer 1976
60%
What is the fanon name for Regulus' Friend group?Slytherin Skittles
57%
Which Characters is the ship "Noble Flower" about?Alice and Narcissa
28%
When is Lily Evans' birthday?30th January
13%

Score Distribution

Percentile by Number Answered

Percent of People with Each Score

Your Score History

You have not taken this quiz